Lời hứa lúc bình minh = La promesse de l’aube

Guardat en:
Dades bibliogràfiques
Autor principal: Gary, Romain
Format: Llibre
Idioma:Undetermined
Publicat: Hà Nội Văn học 2009
Matèries:
Etiquetes: Afegir etiqueta
Sense etiquetes, Sigues el primer a etiquetar aquest registre!
Thư viện lưu trữ: Trung tâm Học liệu Trường Đại học Cần Thơ
LEADER 00711nam a2200229Ia 4500
001 CTU_154790
008 210402s9999 xx 000 0 und d
020 |c 72000 
082 |a 843.912 
082 |b G212 
100 |a Gary, Romain 
245 0 |a Lời hứa lúc bình minh = 
245 0 |b La promesse de l’aube 
245 0 |c Romain Gary; Nguyễn Duy Bình (dịch) 
260 |a Hà Nội 
260 |b Văn học 
260 |c 2009 
650 |a Authors, French,French fiction,Tác gia Pháp,Tiểu thuyết Pháp 
650 |x Biography,Tiểu sử 
650 |y 20th century,Thế kỷ 20 
904 |i Năm 
980 |a Trung tâm Học liệu Trường Đại học Cần Thơ